Graymoor /

Luego de sucesivas mudanzas, Juan Aguirre llega a Graymoor, un barrio de monoblocks del sur del conurbano. La esperanza de encontrar la felicidad se va derrumbando entre los desesperados intentos de entablar amistad con sus compañeros y la vida en el seno de una familia que se está quebrando, en la...

Descripción completa

Guardado en:
Autor Principal: Vargas, Sebastián.
Formato: Libro
Idioma:Undetermined
Publicado: Buenos Aires : Norma, 2023.
Edición:1a ed.
Series:Identidades bonaerenses
Zona libre
Materias:
Etiquetas: Agregar Etiqueta
Sin Etiquetas, Sea el primero en etiquetar este registro!
LEADER 01689nam a22002895a 4500
001 CEM.cems024836
008 250805s2023####ag############000#0#und#d
005 20250814125503.0
245 1 0 |a Graymoor /  |c Sebastián Vargas. 
250 |a 1a ed. 
260 |a Buenos Aires :  |b Norma,  |c 2023. 
300 |a 203 p. 
490 1 |a Identidades bonaerenses 
490 1 |a Zona libre 
500 |a Edición especial de la Dirección de Cultura y Educación de la Provincia de Buenos Aires. 
500 |a Edad sugerida: a partir de ciclo básico. 
520 |a Luego de sucesivas mudanzas, Juan Aguirre llega a Graymoor, un barrio de monoblocks del sur del conurbano. La esperanza de encontrar la felicidad se va derrumbando entre los desesperados intentos de entablar amistad con sus compañeros y la vida en el seno de una familia que se está quebrando, en la cual la madre tiene un papel crucial. Para colmo de males, las pesadillas que torturan a Juan desde pequeño vuelven a aparecer: sueños aterradores y visiones que se materializan en crímenes. Sebastián Vargas construye un relato situado en los años 70. El realismo y el policial se funden con lo extraño y lo fantástico, provocando terror. 
020 |a 9789878070841 
100 1 |a Vargas, Sebastián. 
653 |a Literatura argentina 
653 |a Terror 
653 |a Novela argentina 
653 |a Identidades bonaerenses 
859 |a CEMS  |b BIB. CEMS - Agricultura  |h A863.4  |i V426-1  |p A3932.25  |t Ej.1 
859 |a CEMS  |b BIB. CEMS - Ccias. Educacion  |h A863.4  |i V426  |k CE  |p 30198.25  |t Ej.1 
859 |a CEMS  |b BIB. CEMS - 11 de abril  |h A863.4  |i V426-1  |p 30196.25  |t Ej.1 
859 |a CEMS  |b BIB. CEMS - 11 de abril  |h A863.4  |i V426-1  |p 30197.25  |t Ej.2